Truyện ngắn Nam Cao : Tuyển tập những truyện ngắn hay nhất

Sách tập hợp những truyện ngắn hay, đặc sắc trong sáng tác của tác giả. Mỗi truyện ngắn là bức tranh đa dạng về đời sống con người Việt Nam.

Na minha lista:
Detalhes bibliográficos
Autor principal: Nam Cao
Formato: Livro
Idioma:Vietnamese
Publicado em: H. Văn học 2017
Assuntos:
Tags: Adicionar Tag
Sem tags, seja o primeiro a adicionar uma tag!
Thư viện lưu trữ: Thư viện Trường Đại học Nam Cần Thơ
LEADER 00953nam a22001937a 4500
001 NCT_59061
008 190213b xxu||||| |||| 00| 0 vie d
999 |c 2866  |d 2866 
020 |a 9786049571022  |c 100000 
082 0 4 |2 23rd ed.  |a 895.922332  |b C108 
100 0 |a Nam Cao 
245 1 0 |a Truyện ngắn Nam Cao :  |b Tuyển tập những truyện ngắn hay nhất  |c Nam Cao 
260 |a H.  |b Văn học  |c 2017 
300 |a 499 tr.  |c 21cm 
520 3 |a Sách tập hợp những truyện ngắn hay, đặc sắc trong sáng tác của tác giả. Mỗi truyện ngắn là bức tranh đa dạng về đời sống con người Việt Nam. 
653 |a Sách tham khảo 
942 |2 ddc  |c BK 
952 |0 0  |1 0  |2 ddc  |4 0  |6 895_922332000000000_C108  |7 0  |9 15420  |a 000001  |b 000001  |d 2019-02-13  |o 895.922332 C108  |p TK.01295  |r 2019-02-13  |v 100000.00  |w 2019-02-13  |y BK 
980 |a Thư viện Trường Đại học Nam Cần Thơ